Les humains artificiels dans Dragon Ball - Statistiques

Statistiques générales
  • Ce quiz a été pris 82 fois
    47 depuis la dernière actualisation
  • Le résultat moyen est 14 sur 21
Statistiques - réponses
Apparition Nom % Correct
Dragon Ball C-1
100%
Dragon Ball Z : L'Offensive des cyborgs C-15
97%
Dragon Ball Z C-17
97%
Dragon Ball Z C-18
97%
Dragon Ball Z C-20
97%
Dragon Ball C-8
97%
Dragon Ball Z : L'Offensive des cyborgs C-13
95%
Dragon Ball Z C-16
95%
Dragon Ball Z C-19
95%
Dragon Ball Z : L'Offensive des cyborgs C-14
92%
Dragon Ball FighterZ C-21
86%
Dragon Ball Z Cell
78%
Dr Slump Aralé
65%
Dragon Ball GT Super C-17
57%
Dragon Ball Z Cell Junior
49%
Dragon Ball Super: Super Hero Gamma 1
41%
Dragon Ball Super: Super Hero Gamma 2
41%
Dragon Ball GT Baby
35%
Dragon Ball GT Général Rild
5%
Dragon Ball Super Kaseral
3%
Dragon Ball Super OG73-1
3%
Aucun quiz correspondant
Distribution des résultats
% des personnes avec chaque résultat
Percentile par nombre de réponses
Votre historique - résultats
Vous n’avez pas pris ce quiz depuis la dernière actualisation